| 000 | 01041nam a2200301 i 4500 | ||
|---|---|---|---|
| 003 | EG-GICUC | ||
| 005 | 20260504201953.0 | ||
| 008 | 260504s1967 ua ||||fr|||| 00| 0 fre d | ||
| 040 |
_aEG-GiCUC _bfre _cEG-GiCUC _dEG-GiCUC _eRda |
||
| 041 | 0 | _afre | |
| 082 | 0 | 4 |
_221 _a343.9 _bEN |
| 092 | 0 | 4 | _221 |
| 099 | _aLaw1 11 343.9 EN . C 1967 1105317 C1 | ||
| 110 | _kRépublique Arabe Unie | ||
| 245 | 1 | 0 |
_aEncyclopédie politique arabe : _bdocuments & notes : Quatorzième Année Janvier-Juin 1966 / _cRépublique Arabe Unie |
| 264 | 1 |
_aLE Caire : _bCentre de documentation et de recherches, _c1967. |
|
| 300 |
_a141 page ; _c 24 cm. _billustration ; |
||
| 336 |
_2rda contenu _a texte |
||
| 337 |
_2rda medias _aOrdinateur |
||
| 338 |
_2 transporteur rda _a Ressource en ligne |
||
| 504 | _aComprend des références bibliographiques. | ||
| 546 | _aTexte en français | ||
| 650 | 1 |
_aDroit Pénal _2qrmak |
|
| 651 | 1 | _2qrmak | |
| 856 | 4 | 0 | _uhttps://fll.law.cu.edu.eg/fulltext/bks/B11-05317.pdf |
| 905 | _a162 | ||
| 942 |
_2ddc _n0 _cBK _e21 |
||
| 999 |
_c75550 _d75550 |
||